LEADER 01221nam a2200229 i 4500 001 000000121465 003 CaOOAMICUS 005 20100503101958.0 008 100503s2003 xx m u000 u eng c 040 $aUPS$bita$dDP$dPUL$dLDA 100 1 $aBonney, Gillian.$0(OLS)http://pul/name/76072 245 10$aHarmonising modern and patristic exegesis :$ba hypothesis: "Benedictus Dominus, Deus Israel...." Lk 1, 58-79 : an investigation of two different models /$cGillian Bonney. 260 $aRome :$b[s.n.],$c2003. 300 $a13, 203-259 p.$c24 cm 500 $aIn testa al front.: Universitą Pontificia Salesiana. Facoltą di Teologia. Istituto di Teologia Dogmatica. 502 $aExcerpta ex Diss. ad Doctoratum in S.Theologia--Pontificia Universitą Salesiana, 2003. 504 $aBibliografia: p. 232-252 850 $aPUL 852 $aPUL$W1$xDP1 Tesi Pon. Univ. Salesiana$y46$m2003 B 1$j127553$qTesi$B138608$CPULBib$Z2$F138608 $82 941 1 $a16 996 $6245$aHarmonising modern and patristic exegesis :$ba hypothesis: "Benedictus Dominus, Deus Israel...." Lk 1, 58-79 : an investigation of two different models$9(OLS)http://pul/title/152826 996 $6260$aRome :$b[s.n.]$9(OLS)http://pul/publisher/52450 LEADER 01232nam a2200301 a 4500 001 000000125042 003 CaOOAMICUS 005 20110413123549.0 008 110413s2011 it 001 u ita r 020 $a978-88-10-40980-0 040 $aPUL$bita 082 04$a284 100 1 $aGenre, Ermanno.$0(OLS)http://pul/name/8148 245 10$aRiti e storie di vita :$bliturgia protestante nella societą secolare /$cErmanno Genre. 260 $aBologna :$bEDB,$c©2011. 300 $a173 p. ;$c22 cm 490 1 $aTeologia viva ;$v67 504 $aBibliografia in nota. 650 4$aCattolicesimo e Protestantesimo.$0(OLS)http://pul/subject/5814 830 0$aTeologia viva (Edizioni Dehoniane) ;$v67.$0(OLS)http://pul/title/61019 850 $aPUL 852 $aPUL$W1$xSL Religione 3$y85$m284 GENER 1$j143936$qDDC 21$B142990$CPULBib$Z2$F142990 $H116690 $82 941 1 $a9 996 $6020$a978-88-10-40980-0$9(OLS)http://pul/number/146916 996 $6082$a284$9(OLS)http://pul/classification/432 996 $6245$aRiti e storie di vita :$bliturgia protestante nella societą secolare$9(OLS)http://pul/title/157629 996 $6260$aBologna :$bEDB$9(OLS)http://pul/publisher/56073